Statistieken voor Provincies van Nederland

Klik hier om de quiz te nemen!

Algemene statistieken

  • Deze quiz is 17.672 keer genomen
  • De gemiddelde score is 11 van 12

Antwoorden op de kaart

Antwoorden kleurgecodeerd door een groen-rode schaal op de quizkaart volgens % correct hieronder.
 

Antwoordstatistieken

Provincie% Correct
Zeeland
96%
Limburg
95%
Friesland
94%
Groningen
94%
Noord-Brabant
94%
Noord-Holland
94%
Zuid-Holland
94%
Utrecht
92%
Flevoland
88%
Gelderland
87%
Drenthe
85%
Overijssel
84%

Scoreverdeling

Percentiel versus Aantal Correcte Antwoorden

Procent van Mensen met Elke Score

Uw Scoregeschiedenis

U heeft deze quiz nog niet genomen